000
002730000a22000970004500
100
1
_a
Boff, Leonardo
245
1
0
_a
Aportación de la eclesiogénesis brasileña a la iglesia universal
300
_a
vol.296, num296 (2002), Páginas 411-416
773
0
_t
Concilium
942
_c
ANA
999
_c
49937
_d
49937